000 00395nam a2200157Ia 4500
008 160316s2002 xxu||||| |||| 00| 0 eng d
082 _a341.600000
_bINT-2
100 _a
245 _aInternational humanitarian law : Answers to your questions
250 _a
260 _aGeneva
_bI C R C
_c2002
300 _a42p
_b
_c
365 _b Gratis
650 _a1. Humanitarian Law
700 _a
_a
999 _c32096
_d32096